000 00566nam a2200181Ia 4500
008 240729s9999 xx 000 0 und d
022 _a2190-6807
245 0 _aOASIcs : OpenAccess Series in Informatics
260 _aGermany
260 _bSchloss Dagstuhl -- Leibniz-Zentrum fuer Informatik
650 _a Industrial engineering. Management engineering
650 _a Information technology
650 _a Technology (General)
650 _aTechnology
856 _uhttps://doaj.org/toc/759bc28bcc174e25a1c571e9e29f9632
942 _2ddc
942 _cDOAJEJ
999 _c66197
_d66197
945 _a1
_bMadushi Gamage
_c1
_dMadushi Gamage